| 000 | 00707nam a2200193 a 4500 | ||
|---|---|---|---|
| 003 | 0 | ||
| 005 | 20250415141037.0 | ||
| 008 | 060801s19uu xx 00 eng d | ||
| 050 |
_aPHS LC 191.4 _b.J46 2006 |
||
| 100 | _aJeon, Ye Ji. | ||
| 245 |
_aA Comparative study of the academic performance of students raised by their parents and students raised by their guardians / _cYe Ji Jeon. |
||
| 260 |
_aLas PiƱas City, Philippines : _bSouthville International School and Colleges, _c2006. |
||
| 300 |
_a29 pages ; _c28 cm. |
||
| 504 | _aIncludes bibliographical references. | ||
| 650 | _aAcademic achievement. | ||
| 650 | _aParenting. | ||
| 650 |
_aGuardianship _xPsychological aspects. |
||
| 942 |
_2lcc _cPASS |
||
| 999 |
_c97619 _d97619 |
||